00401nam a22001337a 450000500170000000800410001704100130005808200150007110000250008624500960011126000090020730000260021665000250024220231128132419.0231128b |||||||| |||| 00| 0 eng d aEnglish  a340.1 LEG  aFaris, JA lEnglish  aLegal Negotiation : Principles, Strategy, Strategy Selection 16 September 1999 / cJA Faris c1999 b25 pages ; c30,3 cm. aLegal practice bLaw